Statistiken für Hauptstädte Europas

Klicken Sie hier um das Quiz zu spielen!

Allgemein

  • Dieses Quiz wurde 2.946 mal gespielt
    (958 seit der letzten Aktualisierung)
  • Das Durchschnittsergebnis liegt bei 35 aus 47

Antwortstatistiken

LandHauptstadt% Korrekt
DeutschlandBerlin
97%
FrankreichParis
95%
GriechenlandAthen
94%
BelgienBrüssel
93%
ItalienRom
93%
DänemarkKopenhagen
92%
IrlandDublin
90%
ÖsterreichWien
89%
FinnlandHelsinki
88%
LuxemburgLuxemburg
88%
PolenWarschau
88%
NiederlandeAmsterdam
87%
NorwegenOslo
87%
PortugalLissabon
86%
RusslandMoskau
85%
BulgarienSofia
85%
SchweizBern
83%
SpanienMadrid
83%
MonacoMonaco
83%
SchwedenStockholm
82%
Vereinigtes KönigreichLondon
78%
Tschechische RepublikPrag
76%
AlbanienTirana
76%
UkraineKiew
75%
KroatienZagreb
75%
TürkeiAnkara
74%
San MarinoSan Marino
74%
LettlandRiga
73%
RumänienBukarest
72%
IslandReykjavik
71%
EstlandTallin
71%
LiechtensteinVaduz
71%
Bosnien und HerzegowinaSarajevo
70%
UngarnBudapest
68%
AndorraAndorra la Vella
63%
WeißrusslandMinsk
63%
LitauenVilnius
63%
MaltaValetta
62%
SerbienBelgrad
56%
Slowakische RepublikBratislava
54%
Republik NordmazedonienSkopje
51%
MoldawienChișinău
49%
Republik KosovoPristina
49%
SlowenienLjubljana
47%
KasachstanNur-Sultan
42%
MontenegroPodgorica
42%
ZypernNikosia
41%

Verteilung der Resultate

Perzentil nach korrekt beantworteten Fragen

Anzahl Personen mit jedem Resultat

Ihre Resultats-Entwicklung

Sie haben dieses Quiz seit der letzten Aktualisierung nicht gespielt